00707nam a2200193 i 450000100060000000300090000600500170001500700030003200800410003524500520007625000160012826000500014430000200019450000680021471000660028285200220034899900170037095201260038746283ES-MaACL20230906161345.0t|030328s1878 fr ||||1| fre d00aComptes reudes de scances de 1877-(8-9-1880-1). a4eme serie. aParís : b[s.n., c1878] (fImp. Nationale) a5 v. ; c22 cm. aPrecede al tít.: Academie des Inscriptions et Belles Lettres.2 aAcadémie des inscriptions et belles-lettres (Francia)91230 aES-MaACLjG-373-7 c46283d46283 001040708LIBXIXaATENEOMbATENEOMcDEPO2d2008-01-17eSCl0oG-373-7p1048680r2023-02-23 00:00:00w2023-02-23yMONANT